LEADER 01569nam a2200361 u 4500 001 000000016436 003 CaOOAMICUS 005 20070226110007.0 008 941103s1994 gw u000 u ger u 020 $a3110139553 035 $a10385401 040 $aPUL(R)$bita 100 1 $aBergjan, Silke-Petra.$0(OLS)http://pul/name/14940 245 10$aTheodoret von Cyrus und der Neunizänismus :$bAspekte der altkirchlichen Trinitätslehre /$cSilke-Petra Bergjan. 260 $aBerlin :$bW. de Gruyter,$c1994. 300 $ax, 246 p. ;$c24 cm 490 1 $aArbeiten zur Kirchengeschichte ;$vBd. 60 500 $aComprende indici. 502 $aDiss. -- Universität München. 504 $aBibliografia: p. 213-239. 600 04$aTheodoretus,$cvesc. di Ciro,$dc. 393-458.$0(OLS)http://pul/subject/9778 650 4$aTrinità.$0(OLS)http://pul/subject/2463 710 2 $aUniversität München.$0(OLS)http://pul/name/12801 830 0$aArbeiten zur Kirchengeschichte ;$vBd. 60.$0(OLS)http://pul/title/4204 850 $aPUL 852 $aPUL$W1$xSL Filosofia 1$y2$m115 L 60$j23140$nBK-PRI$b $qStampati$B23140$CPULBib$Z2$F23140 $H $81 941 1 $a8 960 $aTeologia trinitaria$92463 960 $aTeologia trinitaria$92463 961 $aINV: 87911 996 $6020$a3110139553$9(OLS)http://pul/number/21079 996 $6245$aTheodoret von Cyrus und der Neunizänismus :$bAspekte der altkirchlichen Trinitätslehre$9(OLS)http://pul/title/23463 996 $6260$aBerlin :$bW. de Gruyter$9(OLS)http://pul/publisher/48032 LEADER 01763nam a2200373 a 4500 001 000000160599 003 CaOOAMICUS 005 20170511104045.0 008 170511s2017 vc u000 u ita r 020 $a978-88-209-8037-5* 032 $aLibriCat 040 $aPUL$bita 082 04$a230 100 1 $aDe Palma, Luigi Michele,$csacerdote,$d1958-$0(OLS)http://pul/name/1835 245 10$aStudiare teologia a Roma : $borigini e sviluppi della Pontificia Accademia Teologica /$cLuigi Michele de Palma ; presentazione di Riccardo Ferri. 260 $aCittà del Vaticano :$bLibreria editrice vaticana,$c2017. 300 $a415 p. ;$c25 cm. 490 1 $aItineraria ;$v12 500 $aIn testa alla cop.: Pontificia Academia Theologica. 504 $aInclude riferimenti bibliografici e indice. 610 24$aPontificia Accademia Teologica.$0(OLS)http://pul/subject/44563 700 1 $aFerri, Riccardo.$0(OLS)http://pul/name/66299 710 2 $aPontificia Academia Theologica.$0(OLS)http://pul/name/70336 830 0$aItineraria ;$v12.$0(OLS)http://pul/title/142931 850 $aPUL 852 $aPUL$W1$xSL Religione 3$y85$m230 COLL 3.12$j184343$qDDC 21$B187542$CPULBib$Z2$F187542 $H129616 $81 910 $aPontificia Accademia Teologica Romana$970336 910 $aPontificia Accademia Teologica Romana$970336 941 1 $a9 996 $6020$a978-88-209-8037-5*$9(OLS)http://pul/number/162628 996 $6082$a230$9(OLS)http://pul/classification/368 996 $6245$aStudiare teologia a Roma : $borigini e sviluppi della Pontificia Accademia Teologica$9(OLS)http://pul/title/200268 996 $6260$aCittà del Vaticano :$bLibreria editrice vaticana$9(OLS)http://pul/publisher/47920